Runaway pony / (Record no. 1134)
[ view plain ]
| 000 -LEADER | |
|---|---|
| fixed length control field | 01203cam a22003253a 4500 |
| 005 - DATE AND TIME OF LATEST TRANSACTION | |
| control field | 20230815113543.0 |
| 020 ## - INTERNATIONAL STANDARD BOOK NUMBER | |
| International Standard Book Number | 9780590543385 |
| 040 ## - CATALOGING SOURCE | |
| Original cataloging agency | EOW |
| Transcribing agency | EOW |
| Modifying agency | OCL |
| -- | BAKER |
| -- | BTCTA |
| -- | KZV |
| -- | ZHX |
| -- | AU@ |
| -- | FMO |
| -- | VYG |
| -- | CGB |
| -- | DLC |
| Language of cataloging | eng |
| 050 00 - LIBRARY OF CONGRESS CALL NUMBER | |
| Classification number | PZ7.B46626 |
| 082 ## - DEWEY DECIMAL CLASSIFICATION NUMBER | |
| Classification number | Fic |
| 100 1# - MAIN ENTRY--PERSONAL NAME | |
| Personal name | Betancourt, Jeanne. |
| 245 10 - TITLE STATEMENT | |
| Title | Runaway pony / |
| Statement of responsibility, etc. | Jeanne Betancourt ; illustrated by Paul Bachem. |
| 250 ## - EDITION STATEMENT | |
| Edition statement | First Scholastic printing, November 1995 |
| 260 ## - PUBLICATION, DISTRIBUTION, ETC. | |
| Place of publication, distribution, etc. | New York : |
| Name of publisher, distributor, etc. | Scholastic, |
| Date of publication, distribution, etc. | 1995. |
| 300 ## - PHYSICAL DESCRIPTION | |
| Extent | 83 pages. : |
| Other physical details | illustrations. ; |
| Dimensions | 20 cm. |
| 490 1# - SERIES STATEMENT | |
| Series statement | Pony pals ; |
| Volume/sequential designation | 7 |
| 500 ## - GENERAL NOTE | |
| General note | "A Little Apple paperback." |
| 505 ## - FORMATTED CONTENTS NOTE | |
| Formatted contents note | N <br/> |
| 520 ## - SUMMARY, ETC. | |
| Summary, etc. | "Lulu's pony, Snow White, is sick. Snow White has strangles and must be kept apart from the other ponies. But the pony does not like being alone at the Baxter farm."--Back cover. |
| 521 ## - TARGET AUDIENCE NOTE | |
| Target audience note | 580 <br/> |
| Source | Lexile <br/> |
| 521 ## - TARGET AUDIENCE NOTE | |
| Target audience note | N <br/> |
| Source | Raz-Plus <br/> |
| 650 #0 - SUBJECT ADDED ENTRY--TOPICAL TERM | |
| Topical term or geographic name entry element | Ponies |
| Form subdivision | Juvenile fiction. |
| 650 #0 - SUBJECT ADDED ENTRY--TOPICAL TERM | |
| Topical term or geographic name entry element | Friendship |
| Form subdivision | Juvenile fiction. |
| 655 #7 - INDEX TERM--GENRE/FORM | |
| Genre/form data or focus term | Children's stories. |
| Source of term | lcsh |
| 655 #7 - INDEX TERM--GENRE/FORM | |
| Genre/form data or focus term | Young adult fiction. |
| Source of term | lcsh |
| 906 ## - LOCAL DATA ELEMENT F, LDF (RLIN) | |
| a | 7 |
| b | cbc |
| c | copycat |
| d | 2 |
| e | ncip |
| f | 20 |
| g | y-genrareb |
| 942 ## - ADDED ENTRY ELEMENTS (KOHA) | |
| Source of classification or shelving scheme | Dewey Decimal Classification |
| Koha item type | Books |
| Suppress in OPAC | No |
| 999 ## - | |
| -- | 1134 |
| -- | 1134 |
| Withdrawn status | Lost status | Source of classification or shelving scheme | Damaged status | Not for loan | Collection | Home library | Current library | Shelving location | Date acquired | Total Checkouts | Full call number | Barcode | Date last seen | Date last checked out | Price effective from | Koha item type |
|---|---|---|---|---|---|---|---|---|---|---|---|---|---|---|---|---|
| Dewey Decimal Classification | Fiction | Footprints International School Library Network Toul Kork Campus | Footprints International School Library Network Toul Kork Campus | 08/01/2023 | 2 | BET Fic PZ7.B46626 | FIS00679 | 03/12/2024 | 02/06/2024 | 08/01/2023 | Books |
